| 000 | 00477cam a2200193ua 4500 | ||
|---|---|---|---|
| 020 | _c25.00 | ||
| 041 |
_aeng _h |
||
| 082 |
_a004 _bHUN/CO |
||
| 100 | _aHunt, Roger . | ||
| 245 |
_aComputers and commonsense / _cRoger Hunt. _hTextual Documents |
||
| 250 |
_a3 / _b. |
||
| 260 |
_aNew Delhi : _bPrentice Hall of India Pvt Ltd. , _c1986. |
||
| 300 | _a175 ; . | ||
| 365 | _a25.00 | ||
| 504 | _a | ||
| 700 | 1 | _aShelly, John . | |
| 942 | _cBK | ||
| 999 |
_c9771 _d9771 |
||